000 00300nam a22001337a 4500
020 _a978-93-86025-24-1
082 _a894.812
_bRAJ/V
100 _aRAJI, T
245 _aVARUMANNAM INI VEETTILIRUNNU
260 _aKOTTAYAM
_bMANORAMA BOOKS
_c2016
300 _a126
650 _aGK
_zKERALA
942 _cBK
999 _c7127
_d7127